Principles of pharmacology (Record no. 8612)

MARC details
000 -LEADER
fixed length control field 00437nam a22001577a 4500
003 - CONTROL NUMBER IDENTIFIER
control field OSt
008 - FIXED-LENGTH DATA ELEMENTS--GENERAL INFORMATION
fixed length control field 200320b ||||| |||| 00| 0 eng d
020 ## - INTERNATIONAL STANDARD BOOK NUMBER
International Standard Book Number 9788181914644
100 ## - MAIN ENTRY--PERSONAL NAME
Personal name Sharma, H. L.
245 ## - TITLE STATEMENT
Title Principles of pharmacology
250 ## - EDITION STATEMENT
Edition statement 3rd/e, Reprint 2019
260 ## - PUBLICATION, DISTRIBUTION, ETC. (IMPRINT)
Place of publication, distribution, etc New Delhi
Name of publisher, distributor, etc Paras Medical Publisher
300 ## - PHYSICAL DESCRIPTION
Extent Hardcover: 995 Pages, Dimensions: 24.5 x 18.5 x 4 cm
650 ## - SUBJECT ADDED ENTRY--TOPICAL TERM
Topical term or geographic name as entry element Pharmacology
942 ## - ADDED ENTRY ELEMENTS (KOHA)
Source of classification or shelving scheme Dewey Decimal Classification
Koha item type Text Books
942 ## - ADDED ENTRY ELEMENTS (KOHA)
-- 3
Holdings
Withdrawn status Lost status Source of classification or shelving scheme Damaged status Not for loan Collection code Home library Current library Shelving location Date acquired Source of acquisition Currency Cost, normal purchase price Bill Number Total Checkouts Full call number Acc. no. / Barcode Date last seen Actual Cost, discounted price Bill Date Koha item type Date last borrowed
    Dewey Decimal Classification     B.Pharma PIET C-LIBRARY PIET C-LIBRARY Ref. Sec. R01 07/01/2020 Kirti Prakashan IN Rupees 995.00 IN5980   615.1 SHP BP421 20/03/2020 746.25 07/01/2020 Reference Books  
    Dewey Decimal Classification     B.Pharma PIET C-LIBRARY PIET C-LIBRARY   07/01/2020 Kirti Prakashan IN Rupees 995.00 IN5980 3 615.1 SHP BP422 26/06/2023 746.25 07/01/2020 Text Books 27/09/2022
    Dewey Decimal Classification     B.Pharma PIET C-LIBRARY PIET C-LIBRARY   07/01/2020 Kirti Prakashan IN Rupees 995.00 IN5980 2 615.1 SHP BP423 17/06/2025 746.25 07/01/2020 Text Books 04/03/2025

Design & Developed by: PIET Central Library
R70 Miles Stone Pattikalyana Samalkha Panipat 132102
mail ID :- [email protected], Phone No:- 0180-2569700 Ex.216